Island of the blue dolphins / (Record no. 3730)

MARC details
000 -LEADER
fixed length control field 00850nam a22002417a 4500
001 - CONTROL NUMBER
control field 3730
003 - CONTROL NUMBER IDENTIFIER
control field FISKH
005 - DATE AND TIME OF LATEST TRANSACTION
control field 20240425100059.0
008 - FIXED-LENGTH DATA ELEMENTS--GENERAL INFORMATION
fixed length control field 240425b cb ||||| |||| 00| 0 eng d
040 ## - CATALOGING SOURCE
Original cataloging agency FISK
Language of cataloging eng
Transcribing agency FISK
Modifying agency FISK
050 ## - LIBRARY OF CONGRESS CALL NUMBER
Classification number PZ7.O237
082 ## - DEWEY DECIMAL CLASSIFICATION NUMBER
Classification number 813.54
100 ## - MAIN ENTRY--PERSONAL NAME
Personal name O'Dell Scott
Dates associated with a name 1898-1989
245 ## - TITLE STATEMENT
Title Island of the blue dolphins /
Statement of responsibility, etc. Scott O'Dell
260 ## - PUBLICATION, DISTRIBUTION, ETC.
Place of publication, distribution, etc. New York :
Name of publisher, distributor, etc. Scholastic,
Date of publication, distribution, etc. 2010
300 ## - PHYSICAL DESCRIPTION
Extent 177 pages :
Dimensions 20 cm
505 ## - FORMATTED CONTENTS NOTE
Formatted contents note U
520 ## - SUMMARY, ETC.
Summary, etc. Left alone on a beautiful but isolated island off the coast of California, a young Indian girl spends eighteen years, not only merely surviving through her enormous courage and self-reliance, but also finding a measure of happiness in her solitary life.
521 8# - TARGET AUDIENCE NOTE
Target audience note 1000
Source Lexiles
700 ## - ADDED ENTRY--PERSONAL NAME
Personal name Scott O'Dell
942 ## - ADDED ENTRY ELEMENTS (KOHA)
Source of classification or shelving scheme Library of Congress Classification
Koha item type Books
Suppress in OPAC No
Holdings
Withdrawn status Lost status Source of classification or shelving scheme Damaged status Not for loan Collection Home library Current library Shelving location Date acquired Total Checkouts Full call number Barcode Date last seen Copy number Price effective from Koha item type
    Library of Congress Classification     Fiction Footprints International School Library Network Toul Kork Campus Footprints International School Library Network Toul Kork Campus TTP Secondary Fiction Bookshelves 04/25/2024   ODE PZ7.O237 813.54 2024-0527 04/25/2024 1 04/25/2024 Books
    Library of Congress Classification     Fiction Footprints International School Library Network Toul Kork Campus Footprints International School Library Network Toul Kork Campus TTP Secondary Fiction Bookshelves 04/25/2024   ODE PZ7.O237 813.54 FISSE01463 11/20/2024 2 04/25/2024 Books